000 00316nam a22001217a 4500
008 181126b xxu||||| |||| 00| 0 eng d
041 _aeng
080 _a043.3
100 _a0
101 _aBTH-MBE
245 _aAngazhimi i Auditorit për përmirësimin e performancë së biznesit
_cHuruglica,Q
942 _2udc
_cBK
999 _c52534
_d52534